[Event "Groningen Combinatie op"]
[Site "Groningen"]
[Date "2023.05.20"]
[Round "5"]
[White "Van Foreest, Nanne"]
[Black "Blokzijl, Ruben"]
[Result "1-0"]
[WhiteElo "1914"]
[BlackElo "1454"]
[PlyCount "75"]
[EventDate "2023.05.18"]
[EventType "swiss"]
[EventRounds "7"]
[EventCountry "NED"]
[SourceTitle "CBM 214 Extra"]
[Source "ChessBase"]
[SourceDate "2023.07.31"]
[SourceVersion "1"]
[SourceVersionDate "2023.07.31"]
[SourceQuality "1"]

1. e4 c6 2. Nc3 d5 3. Nf3 Bg4 4. h3 Bxf3 5. Qxf3 Nf6 6. e5 Nfd7 7. d4 e6 8. Ne2 c5 9. c3 Nc6 10. Qg4 Rc8 11. f4 g6 12. Rb1 cxd4 13. cxd4 Nb4 14. Qf3 Qa5 15. Bd2 Nc2+ 16. Kd1 Qxa2 17. Rc1 Qxb2 18. Qd3 Ba3 19. Rxc2 Qb1+ 20. Nc1 Rxc2 21. Qxc2 Qxc2+ 22. Kxc2 0-0 23. Kb3 Bxc1 24. Bxc1 Rc8 25. Bd2 Nb6 26. Bd3 Nc4 27. Bxc4 dxc4+ 28. Kb4 a6 29. Bc3 Rc6 30. Ka5 Kf8 31. Bb4+ Ke8 32. Bc5 Kd7 33. Rc1 Kc7 34. Rxc4 h5 35. Bd6+ Kd7 36. Rb4 b5 37. Bc5 Kc7 38. g4 1-0